| Tag |
First Indicator |
Second Indicator |
Subfields |
| LEADER |
00000cam a22000001a 4500 |
| 001 |
in00003198060 |
| 006 |
m d f |
| 007 |
cr bn mmmapmmp |
| 008 |
090623s1966 dcu o f000 0 eng d |
| 005 |
20260511193833.9 |
| 035 |
|
|
|a cis2007431312
|
| 040 |
|
|
|a UMI
|c UMI
|d UtOrBLW
|
| 043 |
|
|
|a n-us---
|
| 086 |
0 |
|
|a Y 4.P 96/11:89-40
|
| 099 |
|
|
|a HRG-1965-PWH-0018
|
| 110 |
1 |
|
|a United States.
|b Congress.
|b House.
|b Committee on Public Works.
|b Special Subcommittee on the Federal-Aid Highway Program.
|
| 245 |
1 |
0 |
|a Federal-State Highway Management Practices and Procedures :
|b hearings before the United States House Committee on Public Works, Special Subcommittee on the Federal-Aid Highway Program, Eighty-Ninth Congress, first session and Eighty-Ninth Congress, second session, on July 12-14, 1965; July 19-21, 26, 1966.
|
| 264 |
|
1 |
|a Washington :
|b U.S. G.P.O.,
|c 1966.
|
| 300 |
|
|
|a 1 online resource.
|
| 336 |
|
|
|a text
|b txt
|2 rdacontent
|
| 337 |
|
|
|a computer
|b c
|2 rdamedia
|
| 338 |
|
|
|a online resource
|b cr
|2 rdacarrier
|
| 500 |
|
|
|a Record is based on bibliographic data in ProQuest Congressional Hearings Digital Collection. Reuse except for individual research requires license from ProQuest, LLC.
|
| 520 |
|
|
|a Investigates Federal and state management of the Federal-Aid Highway Program.
|
| 538 |
|
|
|a System requirements: PDF reader software.
|
| 500 |
|
|
|a Electronic resource.
|
| 650 |
|
0 |
|a Roads
|z United States
|x Finance.
|
| 650 |
|
0 |
|a Federal aid to transportation
|z United States
|x Management.
|
| 650 |
|
0 |
|a Governmental investigations
|z United States.
|
| 655 |
|
7 |
|a Electronic books.
|2 local
|
| 710 |
2 |
|
|a ProQuest (Firm)
|
| 776 |
0 |
8 |
|i Print version:
|a United States. Congress. House. Committee on Public Works. Special Subcommittee on the Federal-Aid Highway Program.
|t Federal-State Highway Management Practices and Procedures
|
| 776 |
0 |
8 |
|i Microfiche version:
|a United States. Congress. House. Committee on Public Works. Special Subcommittee on the Federal-Aid Highway Program.
|t Federal-State Highway Management Practices and Procedures.
|d [Bethesda, Md.] : ProQuest,[2004]
|o CIS Hrgs MF Gp 3--(89) H2248-2
|w (ProQuest)cis10800899
|
| 830 |
|
0 |
|a U.S. Congressional Hearings.
|
| 856 |
4 |
0 |
|u http://proxy.library.tamu.edu/login?url=https://congressional.proquest.com/congcomp/getdoc?HEARING-ID=HRG-1965-PWH-0018
|z Connect to the full text of this electronic book
|t 0
|
| 998 |
|
|
|a cis10800899
|
| 999 |
|
|
|a MARS
|
| 999 |
f |
f |
|s 37ffeb70-652b-3f18-bfd8-24ae69b4331c
|i 7c0b06c2-ff2b-33dd-adb6-7f1c5f56346a
|t 0
|
| 952 |
f |
f |
|a Texas A&M University
|b College Station
|c Electronic Resources
|s www_evans
|d Available Online
|t 0
|e HRG-1965-PWH-0018
|h Other scheme
|
| 998 |
f |
f |
|a HRG-1965-PWH-0018
|t 0
|l Available Online
|